000 00702nam a2200289Ia 4500
005 20260324125424.0
008 008 260324s9999 xx 000 0 eng d
020 _a9780203019306
037 _aEBOOK
040 _aCRL
040 _beng
040 _cCRL
041 _2eng
041 _aeng
084 _qCRL
100 _aMarianna Klar
_91177922
245 0 _aInterpreting al-Tha'labi's Tales of the Prophets
245 0 _bTemptation, Responsibility and Loss
260 _bTaylor and Francis
260 _c2009
365 _a
365 _b240
856 _uhttp://www.taylorfrancis.com/books/9780203019306
942 _cEBOOK
999 _c1773169
_d1773169